000
00321nam a2200121Ia 4500
008
150201s2012 xx 000 0 und d
082
_a
629.222
_b
RAJ
100
_a
Rajput,R.K
245
2
_a
A textbook of automobile engineering
260
_b
Laxmi Publications (P) Ltd
_a
New Delhi
_c
2012
300
_a
863p.
942
_2
ddc
_c
BK
999
_c
5427
_d
5427